Rubber seed industry: an overview (Mal.) (Record no. 47514)

MARC details
000 -LEADER
fixed length control field 00318nam a2200133Ia 4500
100 ## - MAIN ENTRY--AUTHOR NAME
Personal name Veeraputhran S
245 #0 - TITLE STATEMENT
Title Rubber seed industry: an overview (Mal.)
650 ## - SUBJECT ADDED ENTRY--TOPICAL TERM
Topical Term India
650 ## - SUBJECT ADDED ENTRY--TOPICAL TERM
Topical Term Industry
650 ## - SUBJECT ADDED ENTRY--TOPICAL TERM
Topical Term Rubber seed
700 ## - ADDED ENTRY--PERSONAL NAME
Personal name Joseph Toms
942 ## - ADDED ENTRY ELEMENTS (KOHA)
Koha item type Bibliography RLSE
Holdings
Withdrawn status Lost status Damaged status Not for loan Home library Current library Date acquired Koha item type
      Bibliography RRII Library RRII Library 31/12/2021 Bibliography RLSE